| 000 | 00476nam a22001811a 4500 | ||
|---|---|---|---|
| 001 | 7023 | ||
| 003 | OSt | ||
| 005 | 20260204212113.0 | ||
| 008 | 060929s1982||||dr ||||||b||||||||||spa|| | ||
| 050 | _aRD 460 H395e | ||
| 100 | _aHenríquez Ureña, Pedro | ||
| 245 | _aEl español en Santo Domingo / Pedro Henríquez Ureña | ||
| 250 | _a5 | ||
| 264 | _aSanto Domingo : Taller | ||
| 300 | _a301 p | ||
| 650 | _a1.Lengua Española 2.Español - Santo DomingoÌ | ||
| 942 |
_2ddc _cBK |
||
| 999 |
_c7023 _d7023 |
||